| 000 | 00440nam a22001217a 4500 | ||
|---|---|---|---|
| 082 | _a220 PRO | ||
| 100 |
_aFNS FARJAD ADNAN NS SAIF SULTAN NS AMMAR MAHMOOD GC YASIR NAEEM _971392 |
||
| 245 | _aPR-SOF-1300-DESIGN, FABRICATION AND FLIGHT OF UNMANNED AERIAL VEHICLE (QUADROTOR) | ||
| 260 |
_aISLAMABAD _bNUST COLLEGE OF EME _c2012 |
||
| 650 |
_aDE-ELECT-31 _971393 |
||
| 700 |
_aPROJECT SUPERVISOR Dr. FAHAD MUMTAZ MALIK _971394 |
||
| 942 | _cCR | ||
| 999 |
_c577935 _d577935 |
||